| 000 | 00640nam a2200229Ia 4500 | ||
|---|---|---|---|
| 008 | 180620s9999 xx 000 0 und d | ||
| 020 | _a0-399-52152-6 | ||
| 050 | _aREF TT 507 | ||
| 050 | _b.K54 1995 | ||
| 100 | _aKlensch, Elsa. | ||
| 245 | 0 | _aStyle / | |
| 245 | 0 | _cElsa Klensch with Beryl Meyer. | |
| 260 | _aNew York : | ||
| 260 | _bBerkley Publications, | ||
| 260 | _c1995 | ||
| 300 | _a228 pages : | ||
| 300 | _billustrations ; | ||
| 300 | _c23 cm. | ||
| 650 | _aClothing and dress -- Handbooks, manuals, etc. | ||
| 650 | _aFashion -- Handbooks, manuals, etc. | ||
| 650 | _xBeautym Personal -- Handbooks, manuals, etc. | ||
| 999 |
_c358039 _d358039 |
||